| 000 | 02524cam a2200373 i 4500 | ||
|---|---|---|---|
| 001 | 991061123560606706 | ||
| 003 | ES-BaIT | ||
| 005 | 20260203101335.0 | ||
| 008 | 240430s2024 spca||||||||| 000 d cat|c | ||
| 015 |
_aLL2025 _2bnc |
||
| 017 |
_aDL L 46-2024 _bBiblioteca de Catalunya |
||
| 020 | _a9788491444640 | ||
| 040 |
_aES-LlUDL _bcat _erda _cES-LlUDL _dES-BaBC |
||
| 080 |
_a821.134.1-2 _x"20" _22004 |
||
| 080 | _a849.9-2"20" | ||
| 080 | _a82-27 | ||
| 100 |
_aCasado Gual, Núria _eautor _9103247 |
||
| 245 | 1 | 0 |
_aSolitud a Stromboli / _cNúria Casado Gual |
| 264 | 1 |
_aLleida : _bEdicions de la Universitat de Lleida, _c2024 |
|
| 300 |
_a58 pàgines : _bil·lustracions ; _c20 cm |
||
| 336 |
_atext _btxt _2rdacontent |
||
| 337 |
_asense mediació _bn _2rdamedia |
||
| 338 |
_avolum _bnc _2rdacarrier |
||
| 490 | 1 |
_aSèrie teatre ; _v15 |
|
| 500 | _aP1: D1 | ||
| 500 | _aEstrenada al Teatre Nacional de Catalunya el 12 de novembre de 2020 dins el cicle Epicentre pioneres | ||
| 500 | _aInclou galeria de fotos i pòsters de la producció original | ||
| 520 | _a"La Dra. Nela Simari, una distingida experta en el camp de la literatura comparada, ha estat convidada a impartir la conferència inaugural d’un congrés internacional sobre cinema europeu. La conferència, que a més vol ser un homenatge a un catedràtic desaparegut recentment, ofereix una anàlisi que compara la gran novel·la de Víctor Català amb l’emblemàtica pel·lícula de Roberto Rossellini, amb què es considera que comença el cinema modern. La Dra. Simari té un repte important davant seu: demostrar la influència cabdal i no reconeguda que Català va exercir sobre el cineasta italià en la seva obra mestra. Ara bé, a mesura que avança la seva ponència, es fa palès un desafiament més personal: tornar a obrir ferides del passat, des de la mirada del present. Inspirada lliurement en un estudi de Rosa Delor, Núria Casado Gual ens presenta una peculiar “lliçó magistral” en forma de monòleg dramàtic, que no només ens endinsa en els universos paral·lels de Solitud i Stromboli, sinó que, a més, ens convida a reflexionar sobre el concepte d’autoria i el mateix fet creatiu i, sobretot, ens interroga sobre qui surt a la llum i qui roman a l’ombra, en el sovint incomplet relat de la història." -- Pàgina web editorial | ||
| 650 | 0 |
_aMonòlegs catalans _yS. XXI _vTextos dramàtics _9154485 |
|
| 830 |
_aSèrie teatre _v15 _9101564 |
||
| 908 |
_aUdL _aBC _aCDMAE |
||
| 940 | _aUdL | ||
| 942 |
_2udc _c1 |
||
| 999 |
_c136999 _d136999 |
||